[Event "Thane ARMS op 1st"]
[Site "Thane"]
[Date "2018.04.21"]
[Round "2"]
[White "Kulkarni, Chinmay"]
[Black "Shastri, Pranav"]
[Result "1-0"]
[WhiteElo "2259"]
[BlackElo "1234"]
[PlyCount "67"]
[EventDate "2018.04.21"]
[EventType "swiss (rapid)"]
[EventRounds "9"]
[EventCountry "IND"]
[SourceTitle "CBM 184 Extra"]
[Source "ChessBase"]
[SourceDate "2018.06.28"]
[SourceVersion "1"]
[SourceVersionDate "2018.06.28"]
[SourceQuality "1"]

1. e4 c6 2. Nf3 d5 3. exd5 cxd5 4. Ne5 Nf6 5. Bb5+ Bd7 6. Nxd7 Nbxd7 7. d4 e6 8. 0-0 Bd6 9. Nd2 0-0 10. Nf3 a6 11. Bd3 Qc7 12. Re1 Rfe8 13. Bg5 Ng4 14. Kf1 Bxh2 15. g3 Nxf2 16. Kxf2 Bxg3+ 17. Kg1 Bxe1 18. Qxe1 f6 19. Be3 e5 20. dxe5 Nxe5 21. Nxe5 Qxe5 22. Bf2 Qxb2 23. Qd1 Re7 24. Rb1 Qxa2 25. Rb6 Rae8 26. Qf3 Qa5 27. Kh2 Qa1 28. Qxd5+ Kh8 29. Bg3 Qa4 30. Qf5 g6 31. Qxf6+ Kg8 32. Qc3 Kf8 33. Qh8+ Kf7 34. Rf6# 1-0